| 000 | 01617nam a2200349Ia 4500 | ||
|---|---|---|---|
| 005 | 20140903175030.0 | ||
| 008 | 130821s2013 ck ad frn 1 dspa d | ||
| 020 | _a9586060020 | ||
| 020 | _a9789586958929 (2a.Ed) | ||
| 040 |
_aCo-BoUCM _bspa _cJavier Garzón _d[Nuevo] |
||
| 041 | 0 | _aspa | |
| 100 | 1 |
_aOcampo, José Antonio _948091 |
|
| 245 | 1 | 0 |
_aColombia y la economía mundial _b1830-1910 _cJosé Antonio Ocampo |
| 250 | _a2a ed | ||
| 260 |
_aBogotá (Colombia) _bEdiciones Uniandes _bSiglo XXI Editores _c2013 |
||
| 300 |
_axviii, 474 páginas _bilustraciones y gráficas |
||
| 490 | 0 | _aColección básica de historia económica de Colombia | |
| 504 | _aIncluye referencias bibliográficas e índices | ||
| 650 | 0 | 4 |
_aCapitalismo _xHistoria _zColombia _y1830-1910 _910463 |
| 650 | 0 | 4 |
_aDesarrollo económico _xHistoria _zColombia _y1830-1910 _912956 |
| 650 | 0 | 4 |
_aEconomía colombiana _xHistoria _y1830-1910 _vEstadísticas _913661 |
| 650 | 0 | 4 |
_aEconomía _9174 |
| 650 | 0 | 4 |
_aFinanzas _xHistoria _zColombia _y1830-1910 _97628 |
| 650 | 0 | 4 |
_aGlobalización _y1830-1910 _9216 |
| 650 | 0 | 4 |
_aIndustrialización _xHistoria _zColombia _y1830-1910 _917484 |
| 650 | 0 | 4 |
_aMercado de exportación _xHistoria _zColombia _y1830-1910 _919340 |
| 651 | 4 |
_aColombia _bRelaciones internacionales _y1830-1910 _926606 |
|
| 710 | 1 |
_aUniversidad de los Andes (Colombia) _927474 _bFacultad de Economía _bCentro de Estudios Sobre Desarrollo Económico.CEDE |
|
| 710 | 2 |
_aFundación para la Educación Superior y el Desarrollo. FEDESARROLLO _93530 |
|
| 942 |
_cLIBRO _a7 _e2 _mO151co _2DEWEY _h330.9861 |
||
| 999 |
_c184749 _d184749 |
||